Külkereskedelem <a> Magyar Kereskedelmi Kamara folyóirata

Gespeichert in:
Bibliographische Detailangaben
Format: Schriftenreihe
Sprache:Ungarisch
Veröffentlicht: Budapest Magyar Kereskedelmi Kamara 1965
Tags: Tag hinzufügen
Keine Tags, Fügen Sie das erste Tag hinzu!

MARC

LEADER 00000nas2a2200000$$$4500
001 0013580
005 20250730114318.8
022 |a 0454-577X 
041 0 |a hun 
044 |a HU 
245 1 0 |a Külkereskedelem  |b <a> Magyar Kereskedelmi Kamara folyóirata 
264 1 |a Budapest  |b Magyar Kereskedelmi Kamara  |c 1965 
300 |a 1 zv. 
773 0 |w eu_un_cat*0010813